000 01263nam a2200349 a 4500
001 000110547
003 CHAP
005 20220329144138.0
008 140909s2014 mx a fsm |||||||spa d
010 _a107009
011 _a107981
040 _cCHAP
090 _aTesis
100 1 _aTomás Yescas, Rodolfo
_9128345
245 1 0 _aProducción de biomasa y aporte de nitrógeno al suelo por seis especies de leguminosas en Chapingo, México
_h[En línea]
_cpor Rodolfo Tomás Yescas.
260 _aChapingo, Méx. :
_bEl autor,
_c2014.
500 _aPara ver el contenido del material haga clic en la liga
502 _aTesis (Ing. Agr. Esp. en Fitotecnia) -- UACH. Departamento de Fitotecnia
590 _aBATCH-UPD
_b05
_c20141002
_lUCH01
_h0905
590 _aE6096MTM
_b05
_c20140909
_lUCH01
_h1433
590 _aE6096MTM
_b05
_c20140909
_lUCH01
_h1434
590 _aE6096MTM
_b05
_c20140909
_lUCH01
_h1434
590 _aE6096MTM
_b05
_c20140909
_lUCH01
_h1435
650 1 4 _aBiomasa.
_912825
650 1 4 _aEspecies.
_937790
650 1 4 _aLeguminosas
_xMéxico (Edo.)
_965841
650 1 4 _aNitrógeno
_xEfecto en suelos.
_981463
856 _aFinding aid
_uhttp://10.13.5.2/tesis/sist110547.pdf
_zTeclea aquí
901 _aBK
942 _cTESIS
942 _n0
999 _c107009
_d107009